The prime minister / (Record no. 1855)

000 -LEADER
fixed length control field 01488nam a22004097a 4500
001 - CONTROL NUMBER
control field 1405543
003 - CONTROL NUMBER IDENTIFIER
control field OSt
005 - DATE AND TIME OF LATEST TRANSACTION
control field 20210419081719.0
008 - FIXED-LENGTH DATA ELEMENTS--GENERAL INFORMATION
fixed length control field 830330s1983 enka b 000 1 eng
010 ## - LIBRARY OF CONGRESS CONTROL NUMBER
LC control number 83006284
020 ## - INTERNATIONAL STANDARD BOOK NUMBER
International Standard Book Number 0192815903 (pbk.)
040 ## - CATALOGING SOURCE
Original cataloging agency DLC
Transcribing agency DLC
Modifying agency DLC
Language of cataloging eng
041 ## - LANGUAGE CODE
Language code of text/sound track or separate title eng
050 00 - LIBRARY OF CONGRESS CALL NUMBER
Classification number PR5684
Item number .P7 1983
080 ## - UNIVERSAL DECIMAL CLASSIFICATION NUMBER
Universal Decimal Classification number 821.111
Item number T-87
082 00 - DEWEY DECIMAL CLASSIFICATION NUMBER
Classification number 823/.8
Edition number 19
100 1# - MAIN ENTRY--PERSONAL NAME
Personal name Trollope, Anthony,
Dates associated with a name 1815-1882.
245 14 - TITLE STATEMENT
Title The prime minister /
Statement of responsibility, etc. Anthony Trollope ; introduced by John McCormick ; edited by Jennifer Uglow ; with illustrations by Hector Whistler.
Remainder of title / by: Oxford University Press
260 ## - PUBLICATION, DISTRIBUTION, ETC.
Place of publication, distribution, etc. Oxford [Oxfordshire] ;
-- New York
Name of publisher, distributor, etc. Oxford University Press
Date of publication, distribution, etc. 1983.
300 ## - PHYSICAL DESCRIPTION
Extent xxxiv, 438 p.
Other physical details ill.
Dimensions 19 cm.
365 ## - TRADE PRICE
Price amount 6.95 usd
440 #4 - SERIES STATEMENT/ADDED ENTRY--TITLE
Title The World's classics
490 1# - SERIES STATEMENT
Series statement The Centenary edition of Anthony Trollope's Palliser novels
490 0# - SERIES STATEMENT
Series statement Oxford paperbacks
504 ## - BIBLIOGRAPHY, ETC. NOTE
Bibliography, etc. note Bibliography: p. xxiv-xxv.
650 #0 - SUBJECT ADDED ENTRY--TOPICAL TERM
Topical term or geographic name entry element Palliser, Plantagenet (Fictitious character)
General subdivision Fiction.
650 #0 - SUBJECT ADDED ENTRY--TOPICAL TERM
Topical term or geographic name entry element English literature
9 (RLIN) 254
650 #0 - SUBJECT ADDED ENTRY--TOPICAL TERM
Topical term or geographic name entry element Prime ministers
Form subdivision Fiction.
651 #0 - SUBJECT ADDED ENTRY--GEOGRAPHIC NAME
Geographic name London (England)
Form subdivision Fiction.
653 ## - INDEX TERM--UNCONTROLLED
Uncontrolled term ინგლისური ლიტერატურა
655 #7 - INDEX TERM--GENRE/FORM
Genre/form data or focus term Political fiction.
Source of term lcsh
700 1# - ADDED ENTRY--PERSONAL NAME
Personal name McCormick, John,
Dates associated with a name 1918-
700 1# - ADDED ENTRY--PERSONAL NAME
Personal name Uglow, Jennifer S.
800 1# - SERIES ADDED ENTRY--PERSONAL NAME
Personal name Trollope, Anthony,
Dates associated with a name 1815-1882.
Title of a work Palliser novels.
906 ## - LOCAL DATA ELEMENT F, LDF (RLIN)
a 7
b cbc
c orignew
d 1
e ocip
f 19
g y-gencatlg
942 ## - ADDED ENTRY ELEMENTS (KOHA)
Source of classification or shelving scheme
Koha item type Books
Holdings
Withdrawn status Lost status Source of classification or shelving scheme Damaged status Not for loan Permanent location Current location Date acquired Inventory number Total Checkouts Full call number Barcode Date last seen Price effective from Koha item type
          Ken Walker International University Ken Walker International University 03/02/2021 637   821.111 T-87 637 03/02/2021 03/02/2021 Books

Powered by Koha